| 000 | 00343nam a22001457a 4500 | ||
|---|---|---|---|
| 003 | SGT | ||
| 082 | _a342.290954,JOI | ||
| 100 | _aJOIS,M. RAMA | ||
| 245 | _aLEGAL AND CONSTITUTIONAL HISTORY OF INDIA | ||
| 250 | _a1ST | ||
| 260 |
_aNEW DELHI _bUNIVERSAL LAW _c2012 |
||
| 300 | _a723 | ||
| 650 | _aCONSTITUTIONAL HISTORY INDIA | ||
| 942 |
_2ddc _cBK |
||
| 999 |
_c9583 _d9583 |
||